000 00971nam a2200277 a 4500
001 000026582
003 OSt
005 20260527074041.0
008 110323s2001 dr 001 0dspa d
040 _aDO-SdBNP
_bspa
_cBNPHU
082 _a320.97293054
_bG324b, 2001
100 1 _aGenao, Altagracia
_953688
245 1 0 _aBuscando a Bosch /
_cAltagracia Genao, Tony del Villar.
250 _a2ª ed.
260 _aSanto Domingo :
_bGráfica Marie,
_c2001.
300 _a74 p. ;
_c21 cm.
500 _aIncluye datos biográficos de la autora en la solapa de la cubierta.
590 _aInventariado, 2018/LP
600 1 0 _a Bosch, Juan,
_d1909-2001
_976555
650 4 _aPartido de la Liberación Dominicana
_xHistoria
_949045
650 0 _aPartidos políticos
_zRepública Dominicana
_9285
651 4 _aRepública Dominicana
_xPolítica y Gobierno
_y1961-
_9204
700 1 _aVillar, Tony del
_953689
910 _aValidado. Control de calidad EMS
942 _2ddc
_cLBS1
999 _c26074
_d26074